Musiker erraten - Pop - Statistiken

Allgemein
  • Dieses Quiz wurde 2.853 mal gespielt
  • Das Durchschnittsergebnis liegt bei 4 aus 16
Antwortstatistiken
Bildquiz Antwort % Korrekt
Pink
92%
Justin Bieber
78%
Bruno Mars
35%
Beach Boys
32%
One Direction
32%
Five
27%
The Monkees
26%
Falco
22%
Texas
12%
Madonna
11%
Sarah Connor
9%
Madison Beer
8%
Milli Vanilli
7%
T.A.T.u.
6%
Aqua
5%
Village People
2%
Keine übereinstimmenden Quizze gefunden
Verteilung der Resultate
Anzahl Personen mit jedem Resultat
Perzentil nach korrekt beantworteten Fragen
Ihre Resultats-Entwicklung
Sie haben dieses Quiz noch nicht gespielt